NCAA Basketball Champions by Logo - Statistics

General Stats
  • This quiz has been taken 58 times
  • The average score is 33 of 37
Answer Stats
Picture Answer % Correct
Kansas
100%
Duke
98%
Florida
98%
Kentucky
98%
North Carolina
98%
Syracuse
98%
UConn
98%
Arizona
95%
Baylor
95%
California
95%
Indiana
95%
Louisville
95%
Maryland
95%
Michigan
95%
Michigan State
95%
NC State
95%
Villanova
95%
Arkansas
93%
Cincinnati
93%
Oregon
93%
Stanford
93%
UNLV
93%
Virginia
93%
Wisconsin
93%
Ohio State
90%
Oklahoma A & M
88%
San Francisco
88%
UCLA
88%
Utah
88%
UTEP
88%
Wyoming
88%
Marquette
85%
Georgetown
80%
Loyola
73%
Holy Cross
63%
La Salle
54%
CCNY
37%
No matching quizzes found
Score Distribution
Percent of People with Each Score
Percentile by Number Answered
Your Score History
You have not taken this quiz